Zmluva o finančnom lízingu
Zmluva o finančnom lízingu ako typ zmluvy, ktorú možno uzavrieť na základe par. 269 ods. 2 Obchodného zákonníka, resp. par. 51 a par. 491 Občianskeho zákonníka. Obsah lízingovej zmluvy. Zmluvné strany. Predmet lízingu. Platobné podmienky. Doba trvania zmluvy. Spôsob prechodu vlastníckeho práva.
Guardado en:
| Autor principal: | |
|---|---|
| Formato: | Capítulo de libro |
| Lenguaje: | eslovaco |
| Materias: | |
| Etiquetas: |
Sin Etiquetas, Sea el primero en etiquetar este registro!
|
MARC
| LEADER | 00000naa a2200000 4500 | ||
|---|---|---|---|
| 001 | r035923 | ||
| 005 | 20230911130755.0 | ||
| 041 | 0 | |a slo | |
| 044 | |a SK | ||
| 245 | 1 | 0 | |a Zmluva o finančnom lízingu |c Štefan Fekete |
| 520 | |a Zmluva o finančnom lízingu ako typ zmluvy, ktorú možno uzavrieť na základe par. 269 ods. 2 Obchodného zákonníka, resp. par. 51 a par. 491 Občianskeho zákonníka. Obsah lízingovej zmluvy. Zmluvné strany. Predmet lízingu. Platobné podmienky. Doba trvania zmluvy. Spôsob prechodu vlastníckeho práva. | ||
| 610 | 2 | 0 | |a lízing finančný |
| 610 | 2 | 0 | |a prenájom zmluvný |
| 610 | 2 | 0 | |a zmluvy nájomné |
| 610 | 2 | 0 | |a zmluvy obchodné |
| 610 | 2 | 0 | |a zákonník obchodný |
| 610 | 2 | 0 | |a zákonník občiansky |
| 610 | 2 | 0 | |a živnostníci |
| 610 | 2 | 0 | |a zmluvy kúpne |
| 610 | 2 | 0 | |a práva majetkové |
| 610 | 2 | 0 | |a pokuty |
| 100 | 1 | |a Fekete, Štefan | |